Normal view
MARC view
Entry Topical Term
001 - CONTROL NUMBER
- control field: 12722
003 - CONTROL NUMBER IDENTIFIER
- control field: OSt
005 - DATE AND TIME OF LATEST TRANSACTION
- control field: 20240513035540.0
008 - FIXED-LENGTH DATA ELEMENTS
- fixed length control field: 240513|| aca||aabn | a|a d
040 ## - CATALOGING SOURCE
- Original cataloging agency: OSt
- Transcribing agency: OSt
150 ## - HEADING--TOPICAL TERM
- Topical term or geographic name entry element: Computer hardware
670 ## - SOURCE DATA FOUND
- Source citation: Work cat.: (OSt)3277: Catenza Hanna S., author. 11963, CompARt : an android-based mobile application for computer parts using augmented reality / , 2018.
